MARC

Tag First Indicator Second Indicator Subfields
LEADER 00000cem a22000004a 4500
001 in00002394875
005 20151109064849.0
008 080111s2008 nyu e 0 eng
010 |a  2008001425 
020 |a 9781579125943 
020 |a 1579125948 
035 |a (OCoLC)ocn190850412 
040 |a DLC  |c DLC  |d UtOrBLW 
043 |a n-us-ny 
049 |a TXAM 
050 0 0 |a G1254.N4  |b V5 2008 
052 |a 3804  |b N4 
082 0 0 |a 912.7471  |2 22 
100 1 |a Virga, Vincent. 
245 1 0 |a Historic maps and views of New York /  |c Vincent Virga. 
255 |a Scales differ. 
264 1 |a New York :  |b Black Dog & Leventhal Publishers :  |c [2008] 
264 2 |a New York :  |b Distributed by Workman Publishing Company, 
264 4 |c ©2008 
300 |a 1 atlas (unpaged, 24 unnumbered leaves of plates) :  |b maps (chiefly color) ;  |c 28 x 36 cm. 
336 |a cartographic image  |b cri  |2 rdacontent 
337 |a unmediated  |b n  |2 rdamedia 
338 |a volume  |b nc  |2 rdacarrier 
500 |a Cartographic material. 
651 0 |a New York (N.Y.)  |v Maps, Manuscript  |v Early works to 1800  |v Facsimiles. 
651 0 |a New York (N.Y.)  |v Aerial views  |v Early works to 1800  |v Facsimiles. 
651 0 |a New York (N.Y.)  |v Maps, Manuscript  |v Facsimiles. 
651 0 |a New York (N.Y.)  |v Aerial views  |v Facsimiles. 
651 0 |a New York (N.Y.)  |x History  |v Maps. 
945 |a PromptCat 
946 |a stk 
947 |a A14836801465 
948 |a cataloged  |b h  |c 2008/6/20  |d c  |e dmitchel  |f 12:20:10 pm 
994 |a 92  |b TXA 
999 |a MARS 
999 f f |s 38deece2-5136-39b6-b6c3-8226fc7737b5  |i 570571ae-0772-35ba-b67d-ac0ac06a338d  |t 0 
952 f f |p normal  |a Texas A&M University  |b College Station  |c Sterling C. Evans Library  |d Evans: Library Stacks  |t 0  |e G1254.N4 V5 2008  |f Oversize  |h Library of Congress classification  |i unmediated -- volume  |m A14836801465 
998 f f |a G1254.N4 V5 2008  |t 0  |l Evans: Library Stacks